Escenas de amor y muerte en la ficción brasileña : (Registro nro. 14340)

Detalles MARC
000 -LIDER
fixed length control field 01180nam a22003257a 4500
001 - NÚMERO DE CONTROL
Identificador de número de control
003 - IDENTIFICACDOR DE NÚMERO DE CONTROL
control field DO-SdBNP
005 - DATE AND TIME OF LATEST TRANSACTION
control field 20221122104149.0
007 - CAMPOS FIJOS DE DESCRIPCIÓN FÍSICA
fixed length control field 00570
008 - ELEMENTOS DE LONGITUD FIJA
fixed length control field 160622b20009 sp 00| 0 spa d
020 ## - ISBN
International Standard Book Number 9590400434
040 ## - FUENTE DE CATALOGACIÓN
Agencia que crea de manera original el registro BPMSU
Idioma de catalogación spa
Agencia que realiza la transcripción BPMSU
082 #4 - NÚMERO DE CLASIFICACIÓN DECIMAL DE DEWEY
Classification number B869
Item number V617e 1996
Edition number 22
100 1# - ASIENTO PRINCIPAL -- NOMBRE PERSONAL
Nombre personal Vianna, Lúcia Helena.
Fechas asociadas con el nombre
245 10 - MENCIÓN DE TITULO
Título Escenas de amor y muerte en la ficción brasileña :
Subtítulo el juego dramático de la relación hombre-mujer en la literatura /
Mención de responsabilidad Nélida Piñon ; traducción Montserrat Mira
250 ## - MENCIÓN DE EDICION
Mención de edición dición Dominica Diez.
260 ## - PUBLICACIÓN, DISTRIBUCIÓN, ETC. (PIE DE IMPRENTA)
Lugar de publicación, distribución, etc La Habana :
Nombre del editor, distribuidor, etc. Casa de las Américas, Colcultura,
Fecha de publicación, distribución, etc 1996.
300 ## - DESCRIPCIÓN FÍSICA
Extensión 199 p. :
Dimensiones 20 cm.
490 0# - MENCIÓN DE SERIES
Mención de serie Ensayos artístico-literario
500 ## - NOTA GENERAL
Materiales especificados
504 ## - NOTA DE BIBLIOGRAFÍA, ETC.
Bibliography, etc Incluye bibliografía
586 ## - AWARDS NOTE
Awards note Premio Casa de las Américas: Ensayo artístico-literario
590 ## - NOTA LOCAL
Texto de la nota local Inventariado, 2022/VM
650 #4 - ENCABEZAMIENTO DE MATERIA--TEMÁTICO
Término temático o nombre geográfico como elemento de entrada Amor en la literatura
Subdivisión de forma Ensayos, conferencias, etc.
Subdivisión temática general
650 #4 - ENCABEZAMIENTO DE MATERIA--TEMÁTICO
Término temático o nombre geográfico como elemento de entrada Literatura brasileña
Subdivisión temática general Historia y crítica
-- Ensayos, conferencias, etc.
Subdivisión de forma
700 1# - ASIENTO SECUNDARIO -- NOMBRE PERSONAL
Nombre personal Diez, Dominica
Mención de responsabilidad ed.
700 1# - ASIENTO SECUNDARIO -- NOMBRE PERSONAL
Nombre personal Calzadilla Núñez, Julia,
Fechas asociadas con el nombre 1943-
Mención de responsabilidad tr.
910 ## - VALIDACIÓN
Validación VMateo V./Validado
942 ## - ADDED ENTRY ELEMENTS (KOHA)
Source of classification or shelving scheme Dewey Decimal Classification
Koha item type Libros
Existencias
Withdrawn status Lost status Source of classification or shelving scheme Damaged status Not for loan Collection code Home library Current library Date acquired Full call number Barcode Date last seen Price effective from Koha item type
    Dewey Decimal Classification     Colección Dominicana Biblioteca Pública Metropolitana Salomé Ureña Biblioteca Pública Metropolitana Salomé Ureña 11/22/2022 BPMSU CG B869 V617e 1996 BPMSU22110030 11/22/2022 11/22/2022 Libros